| 000 | 00616cab a2200181 4500 | ||
|---|---|---|---|
| 001 | ##L131546 | ||
| 008 | 051115n2005 000 0 eng u | ||
| 035 | _a(Sirsi) u131546 | ||
| 041 | 0 | _aeng | |
| 110 | 2 |
_aFranklin and Andrews _92518 |
|
| 245 | 0 | 0 | _aOn the up down under |
| 260 | _c2005 | ||
| 490 | 0 |
_aQS Week _v(21) 14 September 2005, 14-15(2) |
|
| 520 | _aLooks at the construction industry in Australia, which has experienced strong growth in the last decade especially in the private sector. Tables. Graphs. Bar charts. | ||
| 651 | 4 | _aAustralia | |
| 690 | _aBUILT ENVIRONMENT-BUILDING COSTS | ||
| 942 | _n0 | ||
| 999 |
_c76156 _d76156 |
||